Распоряжения комиссии по построению Исаакиевского собора

Доступно только в Электронных читальных залах Найти на картеНа карте
RUSMARC
00003749nmc2a22000003x 450
00144b490e4-5e9a-4abb-a6ec-04cd3bd430cb
00520190110015912.0
100##$a20170724l18321832k l0rusy0189 ca
1010#$arus
$afre
102##$aRU
2001#$aРаспоряжения комиссии по построению Исаакиевского собора
$j8 января - 31 декабря 1832 г.
251##$cДело
300##$aЛичный архив Монферрана
300##$aНа русском и французском языках
801#0$aRU
$bРГИА
$c20170724
$gRCR
801#1$aRU
$bГлавНИВЦ
$c20170724
$2rusmarc
801#2$aRU
$bПБ им. Б.Н. Ельцина
$c20190110
$gRCR
$2rusmarc
850##$aРГИА
852##$aРГИА
$eФедеральное казенное учреждение "Российский государственный исторический архив" (РГИА)
$j24
937##$hРГИА
$d12236643
$aASBIBLIO_SCAN
462#0$1001d6fc271a-2d2d-4432-b6d1-c7e112c86058
$12001
$a1819-1917 гг.
$1251
$cОпись
$1852
$j1
461#0$100125a8a0c1-b62b-4a3b-b883-4264dbd1873b
$12001
$aКабинет архитектора Монферрана (коллекция)
$1251
$cФонд
$1852
$j502
215##$a404 л.
$d36,5х26 см
371##$aДокумент не является опубликованным и широко распространяемым
105##$ay###
1222#$ad
035##$a44b490e4-5e9a-4abb-a6ec-04cd3bd430cb
856##$uhttp://readingroom.main.prlib.ru/item.aspx?id_node=n122832514&mode=full
Формат отображения